| 000 | 00437nam a22001817a 4500 | ||
|---|---|---|---|
| 003 | NUST | ||
| 020 | _a978-1-25-902597-6 | ||
| 038 | _akhadija | ||
| 082 |
_a621.39 _bBRO |
||
| 100 |
_aBrown, Stephen _983407 |
||
| 245 | _aFundamentals of Digital Logic with VHDL Design | ||
| 250 | _a3rd ed. | ||
| 260 |
_aNew Delhi : _bMcGraw Hill , _c2013. |
||
| 300 |
_a939 p. ; _b24 cm. |
||
| 500 | _aPaperback. | ||
| 563 | _aPB | ||
| 942 |
_cBK _2ddc |
||
| 999 |
_c33636 _d33636 |
||